| 000 | 00719nam a2200193Ia 4500 | ||
|---|---|---|---|
| 003 | GCL | ||
| 008 | 140319s9999 xx 000 0 ara d | ||
| 040 |
_aGCL / _cGCL |
||
| 082 | 0 | 4 |
_aق _b953.0738 _bح ع |
| 100 | 1 | _aحسن خضيرى احمد | |
| 245 | 1 | 0 |
_aعلاقات الفاطميين فى مصر بدول المغرب (362 - 567 \ 573 - 1171 م ) / _cحسن خضيرى احمد |
| 260 |
_aالقاهرة : _bمكتبة مدبولى ، _c1997 |
||
| 300 |
_a344 ص ؛ _c24 سم |
||
| 490 |
_aصفحات من تاريخ مصر _v36 |
||
| 650 | 0 | 4 | _aالتاريخ الاسلامى |
| 650 | 0 | 4 | _aالفاطميون |
| 650 | 0 | 4 | _aمصر - تاريخ - العصر الفاطمى ( 969-1171 م ) |
| 942 |
_2ddc _cBK |
||
| 999 |
_c51813 _d51813 |
||